000 00271nam a22001217a 4500
008 260225b ||||| |||| 00| 0 eng d
041 _aeng
080 _a2.1
100 _a20.1
101 _aHistori
245 _aSelia e Shejtë dhe Kriza në Kosovë
942 _2udc
_cBK
999 _c60852
_d60852